Thermodynamics Part II (Record no. 3246)

MARC details
000 -LEADER
fixed length control field 00374nam a2200157Ia 4500
008 - FIXED-LENGTH DATA ELEMENTS--GENERAL INFORMATION
fixed length control field 221030s9999 xx 000 0 und d
020 ## - INTERNATIONAL STANDARD BOOK NUMBER
ISBN 8185749469
041 ## - LANGUAGE CODE
Language code of text/sound track or separate title
082 ## - DEWEY DECIMAL CLASSIFICATION NUMBER
Classification number 105.23
Item number Ubh
100 ## - MAIN ENTRY--AUTHOR NAME
Personal name B. S. Ubhi
245 #0 - TITLE STATEMENT
Title Thermodynamics Part II
Statement of responsibility, etc by B. S. Ubhi
260 ## - PUBLICATION, DISTRIBUTION, ETC. (IMPRINT)
Name of publisher S.K. Kataria
Place of publication India
Year of publication 2002
300 ## - PHYSICAL DESCRIPTION
Number of Pages 322
650 ## - SUBJECT ADDED ENTRY--TOPICAL TERM
Topical Term Mechanical
942 ## - ADDED ENTRY ELEMENTS (KOHA)
Koha item type Books
Holdings
Accession Number Cost, normal purchase price Full call number Price effective from Koha item type Withdrawn / writtenoff status Materials specified (bound volume or other part) Damaged status Not for loan Permanent Location Current Location Shelving location Date acquired Lost/ Missing status department
BE 5271 95.00 105.23 Ubh 10/30/2022 Books   Print     MIET Library, Jammu MIET Library, Jammu BL-Academic Block- 2, FL-2, CUP-4, SH-2, R-2 06/01/2002   BE
BE 5272 85.00 105.23 Ubh 10/30/2022 Books   Print     MIET Library, Jammu MIET Library, Jammu BL-Academic Block- C, FL-2, CUP-4, SH-2, R-2 06/01/2002   BE